Music Quiz

Random Music or Disney Quiz

Guess the Disney Lyrics! 11 Quiz Stats

Quiz not verified by Sporcle

Also try: Who Is It Sung To?
Challenge
Share
Tweet
Embed
Score 0/99 Timer 10:00
0 Plays Today
Lyrics % Correct
and
98.8%
a
98.8%
the
98.8%
you
90.4%
you
90.4%
you
90.4%
you
90.4%
you
90.4%
you,
90.4%
you
90.4%
be,
75.7%
to
75%
to
75%
to
75%
to
75%
to
75%
me
70.8%
when
66.8%
can
65.7%
your
65.5%
your
65.5%
your
65.5%
your
65.5%
what
63.7%
what
63.7%
of
62.4%
of
62.4%
of
62.4%
If
61%
so
59.7%
for
57.9%
my
56.2%
who
56.2%
Lyrics % Correct
you're
53.9%
you're
53.9%
they
51.2%
they
51.2%
as
47%
one
44.8%
don't
43.4%
don't
43.4%
heart
41.8%
too
41.7%
not
40.5%
From
39.1%
just
36.3%
But
36.2%
All
34.6%
mine,
32%
mine,
32%
mine
32%
mine
32%
mine
32%
Never
30.7%
Never
30.7%
say
30.5%
up
30.1%
knew
27.3%
head
27.2%
head
27.2%
Baby
25.9%
Baby
25.9%
baby
25.9%
baby
25.9%
baby
25.9%
close
24.3%
Lyrics % Correct
cry
23.6%
eyes
22.5%
eyes
22.5%
those
22.4%
those
22.4%
Let
21.2%
toes
20.5%
Little
19.2%
little
19.2%
part,
18%
give
17.8%
Rest
16.3%
dry
16.2%
hold
15.7%
people
15.3%
much,
15.2%
knows
15.2%
sweet
15%
tear,
14.2%
right
14.2%
mind
14%
precious
11.6%
they'd
11.4%
they'd
11.4%
play
11.3%
shine
10.5%
sparkle
9.9%
goodness
8.8%
end
8.1%
loving
8.1%
Cute
8%
same
7.6%
scold
6.2%

You're not logged in!

Compare scores with friends on all Sporcle quizzes.
Sign Up with Email
OR
Log In

You Might Also Like...

Show Comments

Extras

Top Quizzes Today


Score Distribution

Your Account Isn't Verified!

In order to create a playlist on Sporcle, you need to verify the email address you used during registration. Go to your Sporcle Settings to finish the process.

Report this User

Report this user for behavior that violates our Community Guidelines.

Details: